000 00387nam a2200169Ia 4500
008 230524s9999 xx 000 0 und d
020 _a0071137157
082 _a4
_bTAB
100 _aDaniel Tabak
245 0 _aAdvanced Microprocessors
250 _a2ND
260 _aNEW DELHI
_bTMH
_c1976
300 _aXIII;523
500 _aQuantity Number: 2
650 _aComp-Sc
942 _cBK
999 _c3708
_d3708